| 000 | 01027nmm a2200313 a 4500 | ||
|---|---|---|---|
| 001 | ocm0002016155 | ||
| 003 | TR-IsHL | ||
| 005 | 20201028180041.0 | ||
| 008 | 181112s2016 tu tur | ||
| 007 | cr cn | ||
| 020 | _a9786059129466 | ||
| 035 |
_a2016155 _b(N$T) |
||
| 050 | 0 | 4 |
_aHF5548.4.M525 _bI48 2016 |
| 090 | 0 | 4 |
_aHF5548.4.M525 _bI48 2016 |
| 100 | 1 | _aİltir, Cenk | |
| 245 | 1 | 0 |
_aOffice 2016 : _b (Office 2013 uyumlu) _h[electronic resource] / _cCenk İltir ; editör Ozan Arslan |
| 250 | _a1. Baskı | ||
| 260 |
_aİstanbul : _bAbaküs Yayınları, _c2016 |
||
| 300 | _a455 p. | ||
| 500 | _aKaynakça (sayfa : 487) ve dizin var | ||
| 650 | 4 | _aBilgisayar | |
| 650 | 4 | _aComputer Sciences | |
| 650 | 0 | _aMicrosoft Office | |
| 650 | 0 | _aBilgisayar işletim programı | |
| 650 | 0 | _aComputer operating program | |
| 650 | 7 |
_aCOMPUTERS / Programming / Microsoft _2bisacsh |
|
| 700 | 1 | _aArslan, Ozan | |
| 856 | 4 | 0 | _uhttp://search.ebscohost.com/login.aspx?direct=true&scope=site&db=e011xww&AN=2016155 |
| 999 |
_c18959 _d18959 |
||